Normal view
MARC view
Entry Topical Term
001 - CONTROL NUMBER
- control field: 26625
003 - CONTROL NUMBER IDENTIFIER
- control field: ARRUPE
005 - DATE AND TIME OF LATEST TRANSACTION
- control field: 20161010101806.0
008 - FIXED-LENGTH DATA ELEMENTS
- fixed length control field: 161010|| aca||aabn | a|a d
040 ## - CATALOGING SOURCE
- Original cataloging agency: ARRUPE
- Transcribing agency: ARRUPE
150 ## - HEADING--TOPICAL TERM
- Topical term or geographic name as entry element: Rock music
- General subdivision: History and criticism.
670 ## - SOURCE DATA FOUND
- Source citation: Work cat.: (ARRUPE)0: Pascall, Jeremy. 26624, The illustrated history of rock music /, 1978.